000 00314nam a2200109 4500
008 b xx# fre u
040 _aLB-BrCRDP
082 1 _a107
_bRIC
245 1 0 _aRéflexion faite
_bAutobiographie intellectuelle
_cPaul Ricoeur
942 _cBK
999 _c9629
_d9629